Liberalization of inter-Latin American trade. (Record no. 51365)

MARC details
000 -LEADER
fixed length control field 00954cam a22002651 4500
001 - CONTROL NUMBER
control field pa 58000031
003 - CONTROL NUMBER IDENTIFIER
control field DLC
005 - DATE AND TIME OF LATEST TRANSACTION
control field 20260227111854.0
008 - FIXED-LENGTH DATA ELEMENTS--GENERAL INFORMATION
fixed length control field 790829s1957 dcua b i000 0 eng c
010 ## - LIBRARY OF CONGRESS CONTROL NUMBER
LC control number pa 58000031
035 ## - SYSTEM CONTROL NUMBER
System control number (OCoLC)5323388
040 ## - CATALOGING SOURCE
Original cataloging agency Pan American Union. Library
Transcribing agency OCl
Modifying agency OCoLC
-- DLC
042 ## - AUTHENTICATION CODE
Authentication code premarc
050 00 - LIBRARY OF CONGRESS CALL NUMBER
Classification number HF3376
Item number .M5
082 ## - DEWEY DECIMAL CLASSIFICATION NUMBER
Classification number 382
100 1# - MAIN ENTRY--PERSONAL NAME
Personal name Mikesell, Raymond Frech.
245 10 - TITLE STATEMENT
Title Liberalization of inter-Latin American trade.
260 ## - PUBLICATION, DISTRIBUTION, ETC.
Place of publication, distribution, etc. Washington,
Name of publisher, distributor, etc. Dept. of Economic and Social Affairs, Pan American Union,
Date of publication, distribution, etc. 1957.
300 ## - PHYSICAL DESCRIPTION
Extent iv, 94 p.
Other physical details tables.
Dimensions 28 cm.
490 1# - SERIES STATEMENT
Series statement Economic research series
500 ## - GENERAL NOTE
General note At head of title: Inter-American Economic and Social Council. Organization of American States.
504 ## - BIBLIOGRAPHY, ETC. NOTE
Bibliography, etc. note Bibliographical footnotes.
651 #0 - SUBJECT ADDED ENTRY--GEOGRAPHIC NAME
Geographic name Latin America
General subdivision Commerce.
810 2# - SERIES ADDED ENTRY--CORPORATE NAME
Corporate name or jurisdiction name as entry element Pan American Union.
Subordinate unit Department of Economic and Social Affairs.
Title of a work Economic research series.

No items available.

Powered by Koha